Datum a čas kvízu
22
Celkem bodů
Celkový počet nahraných bodů na tomto kvízu bez doplňovacích otázek.
13.
Pořadí na kvízu
Konečné umístění týmu na tomto kvízu.
Zaznamenané odpovědi
| # | Otázka | Odpověď | Body | Výsledky |
|---|---|---|---|---|
| 1. | Ve čtvrtek jsme se dozvěděli,... | Rohlík.cz | 1 | |
| 2. | Obyvatelé jisté země schválili... | v Kataru | 0 | |
| 3. | Minulý týden byl zveřejněn tea... | Marty Pohl, Řezník | 0 | |
| 4. | Řetězec Pepco se pod tlakem zá... | C) zkušební kabiny | 1 | |
| 5. | Minulý týden se na sociálních... | Zachytil se (kopačkou) do sítě. | 0 | |
| 6. | Robin Hood je britsko-americký... | Ridley Scott, Russel Crowe | 0 | |
| 7. | Nyní se podíváme na film režis... | Křižáček | 0 | |
| 8. | Německý film režiséra Edwarda... | Na západní frontě klid, Erich Maria Remarque | 1 | |
| 9. | Film Pianista byl natočen v ro... | Adrien Brody, Roman Polański | 0.5 | |
| 10. | Napište název filmu, z něhož p... | Četa (Platoon) | 0 |